Central Library OPAC University of Rajshahi

The dead man's knock / (Record no. 84730)

MARC details
000 -LEADER
fixed length control field 00686nam a2200229 a 4500
001 - CONTROL NUMBER
control field 84730
003 - CONTROL NUMBER IDENTIFIER
rucl marc code BD-RjUL
005 - DATE AND TIME OF LATEST TRANSACTION
control field 20250227145609.0
008 - FIXED-LENGTH DATA ELEMENTS--GENERAL INFORMATION
fixed length control field 250227s1958 vra 000 1 eng
035 ## - SYSTEM CONTROL NUMBER
System control number (BD-RjUL)84730
040 ## - CATALOGING SOURCE
Original cataloging agency DLC
Transcribing agency FO
Modifying agency OCoLC
-- DLC
-- BD-RjUL
Language of cataloging eng
041 ## - LANGUAGE CODE
Language code of text/sound track or separate title eng
082 ## - DEWEY DECIMAL CLASSIFICATION NUMBER
Edition number 23
Classification number 823
Author mark and year CAD 1958
100 1# - MAIN ENTRY--PERSONAL NAME
Personal name Carr, John Dickson,
Dates associated with a name 1906-1977.
9 (RLIN) 15095
245 14 - TITLE STATEMENT
Title The dead man's knock /
Statement of responsibility, etc. John Dickson Carr.
250 ## - EDITION STATEMENT
Edition statement 1st ed.
260 ## - PUBLICATION, DISTRIBUTION, ETC. (IMPRINT)
Place of publication, distribution, etc. Victoria :
Name of publisher, distributor, etc. Penguin Books,
Date of publication, distribution, etc. 1958
300 ## - PHYSICAL DESCRIPTION
Pagination 237 p.;
Size 19 cm.
650 #0 - SUBJECT ADDED ENTRY--TOPICAL TERM
Topical term or geographic name as entry element Fell, Gideon (Fictitious character)
General subdivision Fiction.
9 (RLIN) 15096
Topical term or geographic name as entry element Private investigators
Geographic subdivision England
General subdivision Fiction.
9 (RLIN) 11016
942 ## - ADDED ENTRY ELEMENTS (KOHA)
Source of classification or shelving scheme Dewey Decimal Classification
Koha item type Books
Holdings
Lost status Source of classification or shelving scheme Damaged status Not for loan Collection code Permanent Location Current Location Shelving location Date acquired Source of acquisition Cost, normal purchase price Total Checkouts Full call number Date last seen Copy number Koha item type
  Dewey Decimal Classification   Not For Loan Fiction Central Library, University of Rajshahi Central Library, University of Rajshahi Reading Room 19/02/1963 Zeitlinger 2.60   823 CAD 1958 27/02/2025 C-1 Books